000 01467cgm a2200301 i 4500
005 20240911140750.0
007 vd cvaizk
008 240716s2024 086 ## v eng d
024 _a843501042823
_q (videorecording)
040 _aCTMMSN
_beng
_erda
_cCTMMSN
092 _amovie
_bPrey
245 0 0 _aPrey
_h[videorecording].
264 _a[Place of publication not identified?]:
_bVertical Ent,
_c2024
264 _aOld Saybrook, Connecticut :
_bwww.micromarketing.org
300 _a[1 videodisc (approximately 86 minutes)?] :
_bsound, color;
_c4 3/4 in.
336 _atwo-dimensional moving image
337 _avideo
338 _avideodisc
500 _a[Typographic symbols and accents removed for systems compatibility.]
500 _aWidescreen edition.
520 _aAfter their lives are threatened by an extremist militant group, a young couple must flee their missionary post in the Kalahari Desert. But when their aircraft crashes in an animal preserve, they must battle man and beast in a fight for their lives. Director: Mukunda Michael Dewil. Stars: Ryan Phillippe, Emile Hirsch, Mena Suvari. Vertical Ent; 843501042823; 1 Disc(s); 86 min; Action / Adventure; TVMA; 08/13/24
521 _aRating: TVMA.
538 _aDVD, color, widescreen, NTSC.
650 7 _aFeature Films
_2bisacsh
655 _aVideo recordings.
_2lcgft
710 _aVertical Ent
_96490251
942 _2ddc
_cBOOK
999 _c398587
_d398587